[Event "Rochefort op-B 16th"]
[Site "Rochefort"]
[Date "2017.02.18"]
[Round "3"]
[White "Grandmougin, Olivier"]
[Black "Gobbetto, Jean Claude"]
[Result "1/2-1/2"]
[WhiteElo "1842"]
[BlackElo "1693"]
[PlyCount "70"]
[EventDate "2017.02.18"]
[EventType "swiss"]
[EventRounds "9"]
[EventCountry "FRA"]
[SourceTitle "CBM 177 Extra"]
[Source "ChessBase"]
[SourceDate "2017.04.27"]
[SourceVersion "1"]
[SourceVersionDate "2017.04.27"]
[SourceQuality "1"]

1. f4 b6 2. e4 e6 3. d4 d5 4. e5 Ba6 5. Bxa6 Nxa6 6. c3 Qd7 7. Qd3 Nb8 8. Ne2 Ne7 9. 0-0 h5 10. a4 a5 11. b3 Nf5 12. Ng3 Nxg3 13. Qxg3 g6 14. Be3 Nc6 15. Nd2 Ne7 16. Qf3 Nf5 17. c4 Bb4 18. Rfd1 Rd8 19. Rac1 Nxe3 20. Qxe3 c5 21. Kh1 cxd4 22. Qxd4 Bc5 23. Qd3 dxc4 24. Qxc4 Qd3 25. Qxd3 Rxd3 26. Ne4 Rxd1+ 27. Rxd1 Ke7 28. g3 Rd8 29. Rxd8 Kxd8 30. Kg2 Bb4 31. Kf3 Ke7 32. Ke3 Kd7 33. Kd4 Be7 34. Kc4 Kc6 35. h3 Bd8 1/2-1/2

[Event "FRA-ch op-C"]
[Site "Pau"]
[Date "2008.08.12"]
[Round "1"]
[White "Lesage, Sandy"]
[Black "Gobbetto, Jean Claude"]
[Result "1/2-1/2"]
[WhiteElo "1650"]
[BlackElo "1779"]
[PlyCount "75"]
[EventDate "2008.08.11"]
[EventType "swiss"]
[EventRounds "9"]
[EventCountry "FRA"]
[SourceTitle "CBM 126 Extra"]
[Source "ChessBase"]
[SourceDate "2008.11.05"]
[SourceVersion "1"]
[SourceVersionDate "2008.11.05"]
[SourceQuality "1"]

1. e4 d5 2. exd5 Qxd5 3. Nc3 Qa5 4. Nf3 Bg4 5. d4 Nf6 6. Qd3 Nc6 7. Be3 0-0-0 8. 0-0-0 e5 9. Be2 Nb4 10. Qb5 Qxb5 11. Bxb5 Bxf3 12. gxf3 c6 13. dxe5 Nfd5 14. Nxd5 Nxd5 15. Bc4 Kc7 16. Rhg1 g6 17. Rg4 b6 18. Bxd5 cxd5 19. Rgd4 Bg7 20. Rxd5 Rxd5 21. Rxd5 Kc6 22. Rd6+ Kc7 23. f4 Re8 24. Rd3 Re7 25. c4 f6 26. exf6 Bxf6 27. Kc2 Kc6 28. b4 Rf7 29. a3 Be7 30. Kb3 Rf5 31. h3 Bd6 32. b5+ Kc7 33. Rd5 Rf7 34. c5 bxc5 35. Bxc5 Bxc5 36. Rxc5+ Kb6 37. Rc4 Kxb5 38. Re4 1/2-1/2

[Event "Angers op 2nd"]
[Site "Angers"]
[Date "2007.04.13"]
[Round "1.17"]
[White "Grego, Pierre"]
[Black "Gobbetto, Jean Claude"]
[Result "0-1"]
[WhiteElo "1963"]
[BlackElo "1765"]
[PlyCount "71"]
[EventDate "2007.04.13"]
[EventType "swiss"]
[EventRounds "6"]
[EventCountry "FRA"]
[SourceTitle "CBM 117 Extra"]
[Source "ChessBase"]
[SourceDate "2007.05.09"]
[SourceVersion "1"]
[SourceVersionDate "2007.05.09"]
[SourceQuality "1"]

1. f4 Nf6 2. Nf3 d6 3. b3 Nc6 4. Bb2 Bg4 5. e3 e6 6. Be2 Be7 7. 0-0 h6 8. c4 0-0 9. Nc3 a6 10. d4 Nb8 11. e4 d5 12. cxd5 exd5 13. e5 Ne4 14. Nd2 Bxe2 15. Qxe2 Nxd2 16. Qxd2 Bb4 17. Qf2 c6 18. Ne2 Qe7 19. a3 Ba5 20. Bc3 Bxc3 21. Nxc3 Nd7 22. Na4 Rad8 23. b4 f6 24. Qg3 fxe5 25. fxe5 Rxf1+ 26. Rxf1 Rf8 27. Qg4 Rxf1+ 28. Kxf1 b5 29. Nc5 Nxc5 30. bxc5 Qe8 31. Ke2 a5 32. Kd3 Kh7 33. Kc3 Qg6 34. Qe2 Qb1 35. Qd2 b4+ 36. axb4 0-1

[Event "Avoine op 21th"]
[Site "Avoine"]
[Date "2006.07.24"]
[Round "3"]
[White "Gobbetto, Jean Claude"]
[Black "Hervo, Frederic"]
[Result "0-1"]
[WhiteElo "1799"]
[BlackElo "1964"]
[PlyCount "80"]
[EventDate "2006.07.22"]
[EventType "swiss"]
[EventRounds "9"]
[EventCountry "FRA"]
[SourceTitle "EXT 2007"]
[Source "ChessBase"]
[SourceDate "2006.11.23"]
[SourceVersion "1"]
[SourceVersionDate "2006.11.23"]
[SourceQuality "1"]

1. c4 Nf6 2. Nc3 g6 3. g3 Bg7 4. Bg2 0-0 5. d3 d6 6. Rb1 c6 7. Bd2 d5 8. cxd5 cxd5 9. Qc1 Nc6 10. Bh6 Be6 11. Bxg7 Kxg7 12. Nf3 d4 13. Ne4 Nxe4 14. dxe4 Bxa2 15. Ra1 Bb3 16. h4 h5 17. Qg5 f6 18. Qb5 Qb6 19. Qxb6 axb6 20. 0-0 Bc4 21. Rfe1 Rxa1 22. Rxa1 Bxe2 23. Ra4 Rd8 24. Nd2 e5 25. f4 Rc8 26. Kf2 Bb5 27. Ra3 Na5 28. b4 Nc6 29. Bh3 Rd8 30. Be6 Nxb4 31. Bc4 Bxc4 32. Nxc4 b5 33. Nd2 Nc6 34. Rb3 b4 35. fxe5 fxe5 36. Ke2 Ra8 37. Nc4 Ra2+ 38. Kf3 b5 39. Nd6 Ra3 40. Rxa3 bxa3 0-1